000 01588cam a2200361 a 4500
999 _c6778
_d6778
001 4443131
003 OSt
005 20210216130119.0
008 940405s1993 enka b 101 0 eng d
010 _a 94192333
015 _aGB94-24938
020 _a0521454700 :
_c£35.00
035 _a(OCoLC)30361495
040 _aUk
_cUk
_dMeU
_dDLC
042 _alccopycat
082 0 0 _a523.2
_220
_bSOL 1993
245 0 0 _aSolar and planetary dynamos :
_bproceedings of a NATO Advanced Study Institute held at the Isaac Newton Institute, Cambridge, September 1992 /
_cedited by M.R.E. Proctor, P.C. Matthews and A.M. Rucklidge.
260 _aCambridge :
_bCambridge University Press,
_c1993.
300 _axii, 366 p. :
_bill. ;
_c24 cm.
440 0 _aPublications of the Newton Institute.
_99877
504 _aIncludes bibliographical references and index.
651 0 _aSolar system
_xCongresses.
_913886
700 1 _aProctor, M. R. E.
_913887
700 1 _aMatthews, P. C.
_q(Paul Charles),
_d1962-
_913888
700 1 _aRucklidge, A. M.
_913889
710 2 _aIsaac Newton Institute for Mathematical Sciences.
_913890
711 2 _aNATO Study Institute "Theory of Solar and Planetary Dynamos"
_d(1992 :
_cIsaac Newton Institute)
_913891
856 4 2 _3Publisher description
_uhttp://www.loc.gov/catdir/description/cam026/94192333.html
856 4 1 _3Table of contents
_uhttp://www.loc.gov/catdir/toc/cam027/94192333.html
906 _a7
_bcbc
_ccopycat
_d2
_encip
_f19
_gy-gencatlg
942 _2ddc
_cO_SHELF